000 00659nam a2200241 a 4500
001 BRCA_3995
005 20190320204515.0
008 160110s1969----uk-a######---#000-0#eng-#
041 _aeng
044 _aUk
050 4 _aN5208.5
_b.Ch75 1969
245 1 0 _aChristie´s review of the year 1968.
260 _aLondres
_bN. Neame
_c1969
300 _a368 p.
_bil.
_c25 cm.
500 _aCEF3
650 1 4 _aSubastas
_97837
650 1 4 _aColeccionistas y colecciones
_910392
650 1 4 _aArte
_xColeccionistas y colecciones
_97445
650 1 4 _aArte
_vPrecios
_910393
710 2 _aChristie, Manson & Wood (Londres)
_910394
902 _aGFM
942 _2lcc
_cB
999 _c3721
_d3721